| 000 | 01271nam a22003617a 4500 | ||
|---|---|---|---|
| 003 | CHAP | ||
| 005 | 20220329135331.0 | ||
| 008 | 971013s1978 r 00010 d | ||
| 010 | _a34560 | ||
| 011 | _a35532 | ||
| 035 | _a39648 | ||
| 040 | _cCHAP | ||
| 090 | _aTesis | ||
| 100 | 0 | 0 |
_aOjeda Enciso, Miguel Angel. _982900 |
| 245 | _aEstudio sobre el establecimiento de citocultivos e inducción de diferenciación en caña de azúcar | ||
| 260 |
_aChapingo, Méx. : _bEl autor, _c1978 |
||
| 300 |
_a96 h. _b: ilus. |
||
| 502 | _aTesis (M. C. Esp. en Ciencias) -- Colegio de Postgraduados. Rama de Genética | ||
| 590 |
_aALEPH _b10 _c20130110 _lUCH01 _h1300 |
||
| 590 |
_aBATCH-UPD _b10 _c20130110 _lUCH01 _h0314 |
||
| 590 |
_aBATCH-UPD _b10 _c20130110 _lUCH01 _h2141 |
||
| 590 |
_aBATCH-UPD _b10 _c20130409 _lUCH01 _h2347 |
||
| 590 |
_aBATCH-UPD _b10 _c20130410 _lUCH01 _h1449 |
||
| 590 |
_aBATCH-UPD _b10 _c20130914 _lUCH01 _h0835 |
||
| 590 |
_aCONVERSION _b10 _c20130109 _lUCH01 _h1319 |
||
| 650 | 1 | 4 |
_aCaña de azúcar _xCitología. _918586 |
| 650 | 1 | 4 |
_aCaña de azúcar _xGenética. _918608 |
| 901 | _aBK | ||
| 942 | _cFOLL | ||
| 949 |
_bBC _cTES _d-90467 _eTS1 _i39648 _si |
||
| 949 |
_bBC _cTES _d-90469 _eTS2 _fc.2 _i39648 _si |
||
| 949 |
_bBC _cTES _d-90470 _eTS2 _fc.3 _i39648 _si |
||
| 999 |
_c34560 _d34560 |
||